| 000 | 01504cam a2200409 i 4500 | ||
|---|---|---|---|
| 999 |
_c65809 _d65809 |
||
| 001 | 768714001 | ||
| 003 | CO-MdFUSB | ||
| 005 | 20201015135830.0 | ||
| 007 | ta | ||
| 008 | 820928t1962 enk b 001 0 eng d | ||
| 010 | _a 52004902 | ||
| 020 | _a[No incluye ISBN] | ||
| 040 |
_aIHT _beng _cCO-MdFUSB _dOCL _dCO-MdFUSB _dLVB _dUZ0 _dOCLCG _dOCLCQ _dOCLCA _dUKMGB _dOCLCQ _dOCLCO _dUIU _dOCLCA _dOCLCF _dDEBBG _dOCLCQ _dOCLCA _dTUU _dRCT _dCFT _dOCLCQ _dCSJ _dOCLCO _dDHA _dOCLCQ _dOKR _dOCLCA _dOCLCQ _dCNCMU _dOCLCO _dTXI _dOCLCQ _dISB _erda |
||
| 041 | _aeng | ||
| 082 |
_223 _a221.6 _bW949 |
||
| 100 | 1 |
_aWright, G. Ernest _d1909-1974 _eautor |
|
| 245 | 1 | 4 |
_aThe old testament against its environment _c/ G. Ernest Wright. |
| 264 | 1 |
_aLondon : _bSCM Press, _c[1962] |
|
| 264 | 4 | _c© 1962 | |
| 300 |
_a115 páginas ; _c22 cm. |
||
| 336 |
_atexto _btxt _2rdacontent. |
||
| 337 |
_asin mediación _bn _2rdamedia. |
||
| 338 |
_avolumen _bnc _2rdacarrier. |
||
| 490 | 1 | _aStudies in Biblical theology ; | |
| 500 | _a" | ||
| 504 | _aIncluye referencias bibliográficas | ||
| 505 | 0 | _a¿Qué gran nación tiene un Dios como el Señor? - Él estableció un testimonio en Israel - ¿Qué requiere el Señor tu Dios? | |
| 563 | _aRústico | ||
| 630 | 7 |
_aBiblia. _pAntiguo Testamento _xCrítica, interpretación, etc. |
|
| 830 | 0 |
_aStudies in Biblical theology ; _v2 |
|
| 942 | _cBK | ||
| 945 | _aJTF-925 | ||